Countries without cathedrals - Statistics

General Stats
  • This quiz has been taken 354 times
  • The average score is 9 of 16
Answer Stats
Country % Correct
Saudi Arabia
80%
Yemen
79%
Oman
78%
Qatar
73%
Nauru
61%
Afghanistan
59%
Palau
56%
Brunei
54%
Tuvalu
53%
Bhutan
50%
Maldives
48%
Somalia
47%
Comoros
43%
Turkmenistan
30%
Andorra
28%
Vatican City
17%
No matching quizzes found
Score Distribution
Percent of People with Each Score
Percentile by Number Answered
Your Score History
You have not taken this quiz